|
|
|
|
| LEADER |
00000nam0a2200000 4500 |
| 001 |
225104 |
| 005 |
20231031200837.0 |
| 010 |
|
|
|b 5000 экз.
|
| 035 |
|
|
|a (RuTPU)RU\TPU\book\245436
|
| 090 |
|
|
|a 225104
|
| 100 |
|
|
|a 20121106d1981 m y0rusy50 ca
|
| 101 |
0 |
|
|a rus
|
| 102 |
|
|
|a RU
|
| 105 |
|
|
|a ac z 001zy
|
| 200 |
1 |
|
|a Статьи о М. Ю. Лермонтове
|f В. Г. Белинский
|g сост., вступит. ст., примеч. и общее редактирование П. Ф. Максяшева
|
| 210 |
|
|
|a Саратов
|c Приволжское книжное издательство
|d 1971
|
| 215 |
|
|
|a 158 с.
|c ил., портр.
|d 10 см.
|
| 320 |
|
|
|a Примечания: с. 154-157
|
| 320 |
|
|
|a Список иллюстраций: с. 158.
|
| 610 |
1 |
|
|a русская литература
|
| 610 |
1 |
|
|a миниатюрные издания
|
| 610 |
1 |
|
|a литературная критика
|
| 610 |
1 |
|
|a 19 век
|
| 610 |
1 |
|
|a литературоведение
|
| 610 |
1 |
|
|a миниатюрные издания
|
| 686 |
|
|
|a Ч611.68
|v LBC/SL-A
|2 rubbk
|
| 700 |
|
1 |
|a Белинский
|b В. Г.
|c российский общественный деятель
|c литературный критик
|f 1811-1948
|g Виссарион Григорьевич
|2 stltpush
|3 (RuTPU)RU\TPU\pers\1212
|
| 702 |
|
1 |
|a Максяшев
|b П. Ф.
|4 220
|4 080
|
| 801 |
|
1 |
|a RU
|b 63413507
|c 20121106
|
| 801 |
|
2 |
|a RU
|b 63413507
|c 20121106
|g RCR
|
| 942 |
|
|
|c BK
|